000 00337nam a2200109Ia 4500
008 230320s9999||||xx |||||||||||||| ||spa||
082 _aTMI/2007/33
100 _aSeco Del Pozo, Carlos Javier
245 0 _aDiseño Curricular De Aula Educación Religiosa Socio-Cognitivo Humanista, Según Modelo T
260 _bLima 2007
942 _80
_cLIB
999 _c47437
_d47437